| 000 | 006170000a22002170004500 | ||
|---|---|---|---|
| 041 | 0 | _aEspañol | |
| 090 |
_aMM _b00005 |
||
| 245 | 1 | 0 | _aSemillas |
| 300 |
_a20 min _bBETA |
||
| 650 | 1 | 4 |
_aSemillas forestales _992548 |
| 650 | 1 | 4 |
_aGerminación _911635 |
| 650 | 1 | 4 |
_aPruebas de viabilidad _9100886 |
| 650 | 1 | 4 |
_aAnatomía vegetal _954863 |
| 650 | 1 | 4 |
_aEspecies forestales nativas _919406 |
| 651 | 4 |
_pColombia _992749 |
|
| 041 | 0 | _aEspañol | |
| 044 | _aColombia | ||
| 110 | 1 |
_aInstituto Nacional de los Recursos Renovables y del Ambiente _sINDERENA _9100867 |
|
| 260 |
_aBogotá _bINDERENA _c1992 |
||
| 942 | _cCD-ROM | ||
| 999 |
_c16468 _d16468 |
||